000
00220 a2200097 4500
001
43017
100
_a
Yahya S M
245
_a
Introductory Set topology
260
_a
Karachi
_b
The Times Press
_c
090
_c
26890
_d
26890
942
_a
NUST-CAE
_c
M
_c
18769
999
_c
278090
_d
278090